[Event "Irish New Year Events-IM1 2020"]
[Site "Dublin"]
[Date "2020.01.04"]
[Round "5.9"]
[White "Hammar, Bengt"]
[Black "Venkatesan, Kavin"]
[Result "1/2-1/2"]
[WhiteElo "2175"]
[BlackElo "1815"]
[Annotator "ChessBase"]
[PlyCount "117"]
[EventDate "2020.01.02"]
[EventType "tourn"]
[EventCountry "IRL"]
[SourceTitle "playchess.com"]
[Source "ChessBase"]
[SourceQuality "1"]
[TimeControl "5400+30"]

1. e4 {[%emt 0:00:00]} c5 {[%emt 0:00:00]} 2. Nf3 {[%emt 0:00:18]} d6 {[%emt 0:00:13]} 3. d4 {[%emt 0:00:15]} cxd4 {[%emt 0:00:08]} 4. Nxd4 {[%emt 0:00:08]} Nf6 {[%emt 0:00:07]} 5. Nc3 {[%emt 0:00:13]} a6 {[%emt 0:00:04]} 6. Bg5 {[%emt 0:00:35]} e6 {[%emt 0:00:24]} 7. f4 {[%emt 0:01:05]} Nbd7 {[%emt 0:00:24]} 8. Qf3 {[%emt 0:10:42]} Be7 {[%emt 0:03:52]} 9. Bc4 {[%emt 0:07:28]} O-O {[%emt 0:09:20]} 10. a3 {[%emt 0:02:43]} Qc7 {[%emt 0:02:40]} 11. Ba2 {[%emt 0:00:32]} b5 {[%emt 0:02:10]} 12. Rd1 {[%emt 0:03:12]} Bb7 {[%emt 0:04:23]} 13. f5 {[%emt 0:04:35]} e5 {[%emt 0:13:26]} 14. Bxf6 {[%emt 0:09:41]} Nxf6 {[%emt 0:02:09]} 15. Nde2 {[%emt 0:00:07]} a5 {[%emt 0:09:54]} 16. Bb3 {[%emt 0:04:39]} b4 {[%emt 0:01:07]} 17. axb4 {[%emt 0:00:07]} axb4 {[%emt 0:00:08]} 18. Nd5 {[%emt 0:00:44]} Bxd5 {[%emt 0:02:15]} 19. exd5 {[%emt 0:00:10]} Nd7 {[%emt 0:02:14]} 20. O-O {[%emt 0:02:07]} Nc5 {[%emt 0:02:43]} 21. Ng3 {[%emt 0:00:38]} f6 {[%emt 0:02:17]} 22. Kh1 {[%emt 0:01:46]} Bd8 {[%emt 0:02:13]} 23. Ra1 {[%emt 0:01:58]} Qb7 {[%emt 0:01:30]} 24. Bc4 {[%emt 0:02:29]} Rf7 {[%emt 0:04:50]} 25. b3 {[%emt 0:01:31]} Qb8 {[%emt 0:02:25]} 26. Rxa8 {[%emt 0:00:31]} Qxa8 {[%emt 0:00:04]} 27. Bb5 {[%emt 0:00:41]} Qb8 {[%emt 0:03:13]} 28. Bc6 {[%emt 0:00:23]} Ra7 {[%emt 0:00:09]} 29. Qg4 {[%emt 0:03:31]} Ba5 {[%emt 0:07:04]} 30. h4 {[%emt 0:01:36]} Qc7 {[%emt 0:01:26]} 31. Qc4 {[%emt 0:08:03]} h6 {[%emt 0:03:49]} 32. Ra1 {[%emt 0:00:33]} Qb8 {[%emt 0:01:15]} 33. Qg4 {[%emt 0:00:36]} Qc7 {[%emt 0:00:48]} 34. Nh5 {[%emt 0:00:37]} Kh8 {[%emt 0:01:33]} 35. Re1 {[%emt 0:02:32]} Qf7 {[%emt 0:01:33]} 36. Re3 {[%emt 0:01:19]} Rc7 {[%emt 0:02:20]} 37. Rg3 {[%emt 0:00:42]} Ne4 {[%emt 0:01:14]} 38. Rf3 {[%emt 0:03:37]} Nc3 {[%emt 0:01:52]} 39. Rd3 {[%emt 0:02:10]} Ra7 {[%emt 0:06:31]} 40. Ng3 {[%emt 0:01:00]} Re7 {[%emt 0:00:34]} 41. Ne4 {[%emt 0:04:17]} Nxe4 {[%emt 0:00:27]} 42. Qxe4 {[%emt 0:21:09]} Qh5 {[%emt 0:06:12]} 43. Rf3 {[%emt 0:00:00]} Ra7 {[%emt 0:00:00]} 44. Rf1 {[%emt 0:00:00]} Bb6 {[%emt 0:00:00]} 45. Ba4 {[%emt 0:00:00]} Bd4 {[%emt 0:00:00]} 46. g3 {[%emt 0:00:00]} Ra5 {[%emt 0:00:00]} 47. Kg2 {[%emt 0:00:00]} Rc5 {[%emt 0:00:00]} 48. Rf3 {[%emt 0:00:00]} Qf7 {[%emt 0:00:20]} 49. Bc6 {[%emt 0:00:00]} Qa7 {[%emt 0:00:09]} 50. Ba4 {[%emt 0:00:00]} Qc7 {[%emt 0:00:12]} 51. Bc6 {[%emt 0:00:00]} Qa7 {[%emt 0:00:12]} 52. Ba4 {[%emt 0:00:00]} Qc7 {[%emt 0:00:48]} 53. Bc6 {[%emt 0:00:00]} Qa5 {[%emt 0:00:10]} 54. Kh3 {[%emt 0:00:00]} Qa2 {[%emt 0:00:55]} 55. Rd3 {[%emt 0:00:00]} Bc3 {[%emt 0:01:19]} 56. Qg4 {[%emt 0:03:56]} Qxc2 {[%emt 0:01:02]} 57. Qg6 {[%emt 0:00:07]} Qxd3 {[%emt 0:00:51]} 58. Qe8+ {[%emt 0:00:10]} Kh7 {[%emt 0:00:07]} 59. Qg6+ {[%emt 0:00:03]} 1/2-1/2

[Event "Irish New Year Events-IM1 2020"]
[Site "Dublin"]
[Date "2020.01.04"]
[Round "5.10"]
[White "Waters, Michael"]
[Black "Ahlander, Bjorn"]
[Result "0-1"]
[WhiteElo "2130"]
[BlackElo "2418"]
[Annotator "TA"]
[PlyCount "134"]
[EventDate "2020.01.02"]
[EventType "tourn"]
[EventCountry "IRL"]
[SourceTitle "playchess.com"]
[Source "ChessBase"]
[SourceQuality "1"]

{[%evp 13,134,-47,-68,-59,-20,-19,-12,-24,-21,-66,-55,-109,-64,-117,-20,-36,-49,-65,-32,-161,-161,-139,-153,-140,-141,-143,-121,-115,-122,-136,-153,-143,-78,-107,-101,-98,-103,-160,-147,-212,-180,-183,-131,-133,-135,-204,-217,-295,-293,-439,-334,-322,-320,-322,-285,-258,-263,-262,-262,-254,-258,-520,-238,-270,-265,-270,-274,-264,-268,-266,-265,-674,-254,-245,-211,-235,-256,-412,-390,-713,-685,-835,-787,-787,-779,-767,-767,-5862,-5318,-5189,-763,-5073,-3732,-1789,-763,-883,-879,-5102,-6370,-29975,-29973,-29970,-29963,-29986,-29977,-29985,-29986,-29986,-29987,-29987,-29988,-29987,-29988,-29990,-29990,-29990,-29988,-29990,-29991,-29991,-29992,-29992,-29993]} 1. e4 c5 2. Nc3 Nc6 3. f4 g6 4. Nf3 Bg7 5. Bc4 e6 6. f5 gxf5 7. d3 Nge7 8. O-O {B23: Closed Sicilian: Lines without g3} d5 9. exd5 exd5 10. Bb3 {The position is equal.} Be6 11. Ng5 Qd7 12. Bf4 ({White should try} 12. Ne2 $15) 12... Nd4 $146 ({Predecessor:} 12... Ng6 13. Bg3 O-O-O 14. Ba4 f4 15. Bxf4 Nxf4 16. Rxf4 {½-½ (40) Tishin,P (2443)-Kuderinov,K (2412) Moscow 2005}) 13. Ba4 ({White should play} 13. Qe1 $15) 13... Nec6 (13... b5 $17 14. Nxb5 Nxb5 15. Nxe6 fxe6) 14. Re1 O-O-O 15. Nf3 a6 {Threatens to win with ...b5.} 16. Ne5 (16. Bxc6 $1 $15 Nxf3+ 17. Qxf3 Qxc6 18. a4) 16... Bxe5 $19 17. Bxe5 b5 $1 18. Bxh8 Rxh8 19. a3 bxa4 20. Nxa4 Qa7 $1 21. c3 Nb5 22. Kh1 {[#]} Rg8 (22... c4 $142 $1 23. dxc4 dxc4) 23. Qf3 Nb8 24. b4 Nd7 25. Re2 (25. Rac1 $142) 25... Qc7 $17 26. Qf2 (26. Nxc5 $17 Nxc5 27. bxc5) 26... Rg4 27. Qe1 Qd6 ({Better is} 27... c4 $19 28. d4 Nd6) 28. h3 Rg6 29. Rc1 (29. Nxc5 $17 Nxc5 30. bxc5) 29... c4 $19 30. Rd1 {intending dxc4.} Qg3 (30... Nxa3 31. Ra2 $17) 31. Qg1 (31. Red2 $142) 31... cxd3 32. Re3 Qc7 33. Rexd3 f4 ({Don't do} 33... Nxa3 34. Ra1 $19) 34. Qf2 Ne5 35. Rxd5 Bxd5 36. Rxd5 f3 37. g4 $2 (37. gxf3 {was the only defense.} Nd7 38. Nc5 Nxc5 39. Rxc5) 37... Nd7 (37... Rh6 $142 38. Qg3 f2 {[%mdl 64] Deflection} 39. Qxf2 Rxh3+ {[%mdl 64] Double Attack} 40. Kg2 {[#]} Rh2+ $1 {[%mdl 576] Skewer, Decoy} 41. Kxh2 Nxg4+ {[%mdl 64] Double Attack, Discovered Attack (Double check)} 42. Kg1 Nxf2) 38. Qxf3 Rf6 ({Less strong is} 38... Nxa3 39. Nc5 $11) 39. Rf5 Rxf5 40. Qxf5 Qc6+ 41. Kg1 Nd6 ({Don't play} 41... Nxa3 42. Nc5 $19) 42. Qa5 $2 (42. Qd3) 42... Qb5 $2 (42... Nc4 43. Qf5 Qxa4 44. Qxf7 Nce5 45. Qg8+ Kc7) 43. Qxb5 Nxb5 44. Nb2 Nxc3 45. a4 $2 (45. Kf2) 45... Nb6 46. b5 $2 (46. a5 Nbd5 47. Kh2) 46... a5 {[%cal Ba6a5,Ba5a4,Ba4a3][%mdl 32]} 47. Kg2 Ncxa4 48. Nd3 Nc3 49. Kf3 a4 50. Kf4 a3 51. Nc1 f6 {...Ne2+! is the strong threat.} 52. Kf5 Nbd5 53. Ke6 Kd8 54. Kf7 Nxb5 55. Kg7 Ke7 56. Kxh7 Kf7 {Black mates.} 57. h4 Nd6 58. g5 f5 59. h5 Ne7 60. g6+ Kf6 61. Na2 Ne8 62. Nc3 f4 63. Ne4+ Kf5 64. Nc3 Nf6+ 65. Kh6 f3 66. Nd1 a2 67. Ne3+ Kf4 {Accuracy: White = 27%, Black = 66%.} 0-1

[Event "Irish New Year Events-IM1 2020"]
[Site "Dublin"]
[Date "2020.01.05"]
[Round "6.6"]
[White "Mannion, Stephen R"]
[Black "Ahlander, Bjorn"]
[Result "1/2-1/2"]
[WhiteElo "2283"]
[BlackElo "2418"]
[Annotator "TA"]
[PlyCount "84"]
[EventDate "2020.01.02"]
[EventType "tourn"]
[EventCountry "IRL"]
[SourceTitle "playchess.com"]
[Source "ChessBase"]
[SourceQuality "1"]

{[%evp 23,84,0,48,41,60,74,110,39,82,69,117,97,168,48,76,13,10,20,26,10,19,19,125,33,159,146,156,164,153,148,151,37,35,33,241,231,235,245,243,237,299,104,260,38,24,24,44,25,44,40,40,43,50,37,52,40,59,43,47,11,11,11,85]} 1. e4 c5 2. Nf3 d6 3. d4 cxd4 4. Nxd4 Nf6 5. Nc3 a6 6. f4 e5 7. Nf3 Qc7 8. a4 Be7 9. Bd3 O-O 10. O-O b6 11. Kh1 Nbd7 12. Qe1 Bb7 13. Nh4 {B93: Sicilian Najdorf: 6 f4} g6 14. f5 $1 {[#]} Rfe8 $146 ({Predecessor:} 14... Kg7 15. Bg5 Rae8 16. Qd2 Ng8 17. Bxe7 Rxe7 18. fxg6 fxg6 19. Nd5 Bxd5 20. exd5 a5 21. Bxg6 hxg6 {0-1 (35) Ehlvest,J (2611)-Laznicka,V (2674) Dubai 2013}) 15. Bg5 (15. b3 $16) 15... Rac8 $14 16. fxg6 hxg6 17. Qf2 Rf8 (17... Qc5 $16 {was worth a try.} 18. Qe2 Red8) 18. Qe2 (18. Nf5 $1 $18 {[%cal Rf5e7]} gxf5 19. Qxf5) 18... Kg7 19. Rf2 ({White should try} 19. Bxa6 $16 Bxa6 20. Qxa6) 19... Rh8 $11 20. Raf1 Rh5 $1 {[%cal Rh5g5]} 21. Nf3 $36 {[%mdl 2048] White has the initiative.} Rch8 22. g4 (22. Bxa6 Ng4 $15) 22... R5h7 (22... Nxg4 $11 23. Bxe7 Nxf2+ 24. Rxf2 (24. Qxf2 Nc5 $11) 24... Nc5) 23. Nd2 (23. Bxa6 Nxg4 24. Bxe7 Bxa6 $15) (23. Bxf6+ $1 $16 Nxf6 24. Ng5) 23... Nxe4 (23... Qd8 $14) 24. Ndxe4 ({Don't take} 24. Bxe4 $6 Bxg5 25. Rxf7+ Kg8 $14) 24... Bxg5 25. Rxf7+ Kg8 26. Rxh7 Rxh7 (26... Kxh7 $2 {loses.} 27. Rf7+ Kg8 28. Bc4 $18) 27. Bc4+ (27. Bxa6 $16 Bf4 28. Bxb7 Qxb7 29. Qc4+ Kh8 30. Rf2) 27... Kh8 $14 {White should prevent ...Bf4.} 28. Nd5 Qd8 $2 (28... Bxd5 $1 $14 29. Bxd5 Bf4) 29. Nxd6 $18 Bc6 30. Nf7+ Rxf7 31. Rxf7 {And now Kg1 would win.} Nf6 32. Qf3 $2 (32. Qxe5 $18 {Strongly threatening Kg1.} Bxd5+ 33. Bxd5 Qxd5+ 34. Qxd5 Nxd5 35. Rd7) 32... Bf4 $2 {[#]} ({Don't blunder} 32... Bxd5 $2 33. Bxd5 Qxd5 34. Rxf6 $1 $18 {[%mdl 512]}) (32... Qd6 $16) 33. Rxf6 $2 (33. Kg2 $1 $18 b5 34. Rxf6 Qxf6 35. Nxf6 Bxf3+ 36. Kxf3 bxc4 37. Nd7) 33... Qxf6 $14 34. Nxf6 Bxf3+ $18 {[%mdl 4096] Endgame KBB-KBN} 35. Kg1 Kg7 36. Nd5 Bc1 37. Kf2 Bxg4 38. b3 Bf5 39. c3 Bb2 40. Bxa6 Be6 41. Bc4 Bxd5 $1 42. Bxd5 e4 {Accuracy: White = 37%, Black = 39%.} (42... Bxc3 $11 {keeps the balance.} 43. Ke3 Kf6) 1/2-1/2

[Event "Irish New Year Events-IM1 2020"]
[Site "Dublin"]
[Date "2020.01.05"]
[Round "6.7"]
[White "Venkatesan, Kavin"]
[Black "Waters, Michael"]
[Result "1-0"]
[WhiteElo "1815"]
[BlackElo "2130"]
[Annotator "ChessBase"]
[PlyCount "73"]
[EventDate "2020.01.02"]
[EventType "tourn"]
[EventCountry "IRL"]
[SourceTitle "playchess.com"]
[Source "ChessBase"]
[SourceQuality "1"]
[TimeControl "40/5400+30:1800+30"]

1. d4 {[%emt 0:00:00]} d5 {[%emt 0:06:42]} 2. c4 {[%emt 0:00:00]} e6 {[%emt 0:00:49]} 3. Nc3 {[%emt 0:00:00]} Nf6 {[%emt 0:00:20]} 4. cxd5 {[%emt 0:00:00]} Nxd5 {[%emt 0:00:37]} 5. e4 {[%emt 0:00:39]} Nxc3 {[%emt 0:00:30]} 6. bxc3 {[%emt 0:01:37]} c5 {[%emt 0:00:04]} 7. Nf3 {[%emt 0:01:59]} cxd4 {[%emt 0:02:55]} 8. cxd4 {[%emt 0:01:44]} Nd7 {[%emt 0:00:39]} 9. Bd3 {[%emt 0:01:41]} Bb4+ {[%emt 0:01:20]} 10. Bd2 {[%emt 0:00:48]} Bxd2+ {[%emt 0:01:14]} 11. Qxd2 {[%emt 0:00:17]} O-O {[%emt 0:00:20]} 12. O-O {[%emt 0:00:26]} b6 {[%emt 0:00:22]} 13. Bb5 {[%emt 0:09:03]} Bb7 {[%emt 0:00:30]} 14. Bxd7 {[%emt 0:01:54]} Qxd7 {[%emt 0:00:13]} 15. Ne5 {[%emt 0:00:07]} Qd6 {[%emt 0:03:37]} 16. f3 {[%emt 0:00:28]} Rfd8 {[%emt 0:01:14]} 17. Rfd1 {[%emt 0:00:21]} Rac8 {[%emt 0:00:31]} 18. Rac1 {[%emt 0:00:36]} b5 {[%emt 0:02:47]} 19. Rxc8 {[%emt 0:02:48]} Rxc8 {[%emt 0:01:34]} 20. Qb2 {[%emt 0:08:05]} a6 {[%emt 0:04:21]} 21. Rd2 {[%emt 0:03:16]} f6 {[%emt 0:06:05]} 22. Nd3 {[%emt 0:03:27]} Rc4 {[%emt 0:02:12]} 23. Nc5 {[%emt 0:03:34]} Bc8 {[%emt 0:00:09]} 24. Nb3 {[%emt 0:01:10]} Bd7 {[%emt 0:05:44]} 25. h3 {[%emt 0:03:23]} h6 {[%emt 0:01:19]} 26. Kh1 {[%emt 0:00:48]} Be8 {[%emt 0:02:55]} 27. e5 {[%emt 0:05:01]} fxe5 {[%emt 0:03:16]} 28. dxe5 {[%emt 0:00:11]} Qc7 {[%emt 0:00:43]} 29. Rd6 {[%emt 0:03:57]} Rc2 {[%emt 0:10:11]} 30. Qd4 {[%emt 0:05:43]} Rxa2 {[%emt 0:01:05]} 31. Nc5 {[%emt 0:00:36]} Bf7 {[%emt 0:29:14]} 32. Rd8+ {[%emt 0:00:32]} Kh7 {[%emt 0:00:22]} 33. Rd7 {[%emt 0:00:19]} Qa5 {[%emt 0:01:16]} 34. Rxf7 {[%emt 0:00:34]} Qe1+ {[%emt 0:01:05]} 35. Kh2 {[%emt 0:00:18]} Qe2 {[%emt 0:02:58]} 36. Qg4 {[%emt 0:04:37]} Qxe5+ {[%emt 0:02:01]} 37. f4 {[%emt 0:00:03]} 1-0

[Event "Irish New Year Events-IM1 2020"]
[Site "Dublin"]
[Date "2020.01.05"]
[Round "6.8"]
[White "Baker, Chris W"]
[Black "Hammar, Bengt"]
[Result "1/2-1/2"]
[WhiteElo "2225"]
[BlackElo "2175"]
[Annotator "ChessBase"]
[PlyCount "61"]
[EventDate "2020.01.02"]
[EventType "tourn"]
[EventCountry "IRL"]
[SourceTitle "playchess.com"]
[Source "ChessBase"]
[SourceQuality "1"]
[TimeControl "40/5400+30:1800+30"]

1. d4 {[%emt 0:00:00]} Nf6 {[%emt 0:00:00]} 2. Nf3 {[%emt 0:00:00]} g6 {[%emt 0:00:54]} 3. Bf4 {[%emt 0:00:15]} c5 {[%emt 0:02:30]} 4. c3 {[%emt 0:06:05]} Bg7 {[%emt 0:03:14]} 5. Nbd2 {[%emt 0:02:45]} b6 {[%emt 0:10:53]} 6. e3 {[%emt 0:05:27]} d6 {[%emt 0:02:46]} 7. h3 {[%emt 0:02:31]} O-O {[%emt 0:00:45]} 8. Be2 {[%emt 0:01:05]} Ba6 {[%emt 0:04:58]} 9. O-O {[%emt 0:03:15]} Bxe2 {[%emt 0:02:21]} 10. Qxe2 {[%emt 0:04:14]} Qc8 {[%emt 0:05:32]} 11. Bh2 {[%emt 0:02:58]} Qb7 {[%emt 0:02:33]} 12. a4 {[%emt 0:04:33]} Rc8 {[%emt 0:04:37]} 13. Qb5 {[%emt 0:06:49]} a6 {[%emt 0:03:54]} 14. Qb3 {[%emt 0:02:45]} cxd4 {[%emt 0:05:31]} 15. exd4 {[%emt 0:03:39]} Nc6 {[%emt 0:00:21]} 16. Nc4 {[%emt 0:04:11]} Rcb8 {[%emt 0:47:11]} 17. Ng5 {[%emt 0:07:05]} Nd8 {[%emt 0:00:00]} 18. Rfe1 {[%emt 0:07:49]} h6 {[%emt 0:00:00]} 19. Nf3 {[%emt 0:04:55]} b5 {[%emt 0:00:00]} 20. axb5 {[%emt 0:06:12]} axb5 {[%emt 0:00:00]} 21. Ne3 {[%emt 0:02:35]} Nc6 {[%emt 0:00:00]} 22. Nd5 {[%emt 0:03:58]} Rxa1 {[%emt 0:00:00]} 23. Rxa1 {[%emt 0:00:29]} b4 {[%emt 0:00:00]} 24. Nxf6+ {[%emt 0:05:10]} Bxf6 {[%emt 0:00:00]} 25. Bf4 {[%emt 0:02:48]} bxc3 {[%emt 0:00:00]} 26. Qxb7 {[%emt 0:00:10]} Rxb7 {[%emt 0:00:00]} 27. bxc3 {[%emt 0:00:02]} Kg7 {[%emt 0:00:00]} 28. Ra6 {[%emt 0:01:13]} Nb8 {[%emt 0:00:00]} 29. Ra8 {[%emt 0:00:33]} Nd7 {[%emt 0:00:00]} 30. Kf1 {[%emt 0:02:25]} Nb6 {[%emt 0:00:00]} 31. Ra2 {[%emt 0:00:42]} 1/2-1/2

[Event "Irish New Year Events-IM1 2020"]
[Site "Dublin"]
[Date "2020.01.05"]
[Round "6.9"]
[White "Delaney, Killian"]
[Black "O'Donnell, Conor"]
[Result "0-1"]
[WhiteElo "2278"]
[BlackElo "2307"]
[Annotator "TA"]
[PlyCount "93"]
[EventDate "2020.01.02"]
[EventType "tourn"]
[EventCountry "IRL"]
[SourceTitle "playchess.com"]
[Source "ChessBase"]
[SourceQuality "1"]

{[%evp 9,93,37,40,0,0,0,0,0,0,0,0,0,0,0,0,0,45,50,54,39,33,45,90,0,0,-50,32,15,211,188,220,-33,-33,-47,-52,-48,-32,-29,-8,-15,-12,-51,-46,-103,-93,-91,-95,-185,-170,-259,-128,-129,-127,-135,-121,-118,-136,-210,-210,-214,-220,-416,-416,-755,-731,-732,-358,-746,-679,-662,-601,-1335,-983,-2328,-1893,-1693,-748,-29965,-29968,-29963,-29969,-29974,-29975,-29974,-29976,-29974]} 1. d4 Nf6 2. Nf3 c5 3. d5 b5 4. Bg5 Qb6 5. Bxf6 Qxf6 6. e4 {A43: Schmid Benoni} (6. c3 Qb6 7. e4 g6 8. a4 b4 9. Nbd2 Bg7 10. a5 Qb7 11. Qc2 O-O 12. Bc4 d6 13. O-O Nd7 14. Rfe1 {0-1 (99) Gelfand,B (2695)-Svidler,P (2760) Moscow 2018}) 6... Qxb2 7. Nbd2 g6 8. Rb1 {The position is equal.} Qxa2 9. Ra1 $146 ({Predecessor:} 9. Bxb5 Bg7 10. O-O O-O 11. Qe2 d6 12. Nc4 a6 13. Ba4 Qxa4 {1-0 (53) Illner,A (2469)-Zaragatski,I (2480) Belgium 2019}) 9... Qb2 10. Rb1 Qa2 $1 11. Ra1 Qb2 12. Rb1 Qc3 13. Bxb5 Bg7 14. O-O $36 {[%mdl 3072] White has compensation. White has some pressure.} O-O 15. e5 Na6 16. Qe2 ({Better is} 16. Ne4 $16 Qa5 17. Bc4) 16... Nb4 $1 $11 17. Rfc1 {And now Rb3 would win.} Na2 (17... Nxd5 $15 18. Qe4 Nb6) 18. Rd1 {Strongly threatening Ne4.} Rb8 $2 (18... Qxc2 $11 {and Black is okay.} 19. Qf1 Nb4) 19. Ne4 $18 Qa5 20. c4 $2 ({White has to play} 20. Bc4 $18 Rxb1 21. Rxb1) 20... a6 $1 $15 {[%cal Ba7a6,Ba6b5][%mdl 32]} 21. Ra1 axb5 22. Rxa2 Qb6 23. d6 exd6 24. Rxd6 Qb7 25. Rad2 ({Don't play} 25. Nxc5 Qc7 $17) 25... bxc4 26. Qxc4 (26. h3 $15) 26... Qb4 $1 $17 {[%cal Rb4c4]} 27. Qxb4 cxb4 28. Nc5 (28. Nf6+ $17 Bxf6 29. exf6) 28... Re8 29. R6d5 {[#]} (29. h3 $142) 29... Bb7 (29... d6 $1 $19 {[%mdl 512] and Black stays clearly on top.} 30. Rxd6 b3) 30. Nxb7 Rxb7 31. Rxd7 Rxd7 32. Rxd7 Bxe5 {[%mdl 4096] Endgame KRB-KRN} 33. Rb7 (33. Nxe5 $17 {was necessary.} Rxe5 34. Kf1) 33... Rb8 $19 34. Rxb8+ Bxb8 {KB-KN} 35. Kf1 $2 (35. Nd2) 35... b3 {...Bf4 is the strong threat.} 36. Ke2 (36. Nd2 $142 b2 37. h3) 36... b2 37. Nd2 Kg7 (37... Bxh2 $142 38. Kd3 Bf4) 38. Kd3 $2 (38. g3) 38... Bf4 39. Nb1 Bxh2 40. g3 h5 41. Ke4 Kf6 42. Kf3 {[#]} h4 $1 43. Kg2 (43. gxh4 Kf5) 43... hxg3 {Black mates.} 44. fxg3 {[#]} Bxg3 $1 {[%mdl 512]} 45. Kxg3 Ke5 46. Kf3 Kd4 47. Kf4 {Accuracy: White = 31%, Black = 53%.} 0-1

[Event "Irish New Year Events-IM1 2020"]
[Site "Dublin"]
[Date "2020.01.05"]
[Round "6.10"]
[White "Melaugh, Shane"]
[Black "Kanyamarala, Tarun"]
[Result "0-1"]
[WhiteElo "2207"]
[BlackElo "2320"]
[Annotator "NA"]
[PlyCount "78"]
[EventDate "2020.01.02"]
[EventType "tourn"]
[EventCountry "IRL"]
[SourceTitle "playchess.com"]
[Source "ChessBase"]
[SourceQuality "1"]
[TimeControl "40/5400+30:1800+30"]

1. c4 {[%emt 0:01:29]} b6 {[%emt 0:00:00]} 2. Nc3 {[%emt 0:01:15]} Bb7 {[%emt 0:00:00]} 3. e4 {[%emt 0:00:20]} e5 {[%emt 0:00:06]} 4. Nf3 {[%emt 0:03:38]} Nc6 {[%emt 0:00:18]} 5. d4 {[%emt 0:00:17]} exd4 {[%emt 0:01:27]} 6. Nxd4 {[%emt 0:00:12]} Bb4 {[%emt 0:02:26]} 7. Be3 {[%emt 0:05:42]} Bxc3+ {[%emt 0:09:15]} 8. bxc3 {[%emt 0:00:42]} Nge7 {[%emt 0:05:00]} 9. Be2 {[%emt 0:05:44]} O-O {[%emt 0:09:17]} 10. O-O {[%emt 0:01:33]} Nxd4 {[%emt 0:08:17]} 11. Qxd4 {[%emt 0:01:42]} Nc6 {[%emt 0:00:02]} 12. Qd2 {[%emt 0:00:12]} Qe7 {[%emt 0:01:07]} 13. f3 {[%emt 0:00:24]} d6 {[%emt 0:01:54]} 14. Bd4 {[%emt 0:01:04]} Na5 {[%emt 0:04:05]} 15. Rab1 {[%emt 0:01:49]} Qe6 {[%emt 0:11:09]} 16. c5 {[%emt 0:04:46]} dxc5 {[%emt 0:14:49]} 17. Bxc5 {[%emt 0:00:09]} bxc5 {[%emt 0:08:50]} 18. Rb5 {[%emt 0:00:27]} Qa6 {[%emt 0:00:05]} 19. Rxc5 {[%emt 0:00:05]} Qb6 {[%emt 0:00:38]} 20. Qd4 {[%emt 0:01:39]} Nc6 {[%emt 0:03:46]} 21. Qf2 {[%emt 0:00:35]} Ba6 {[%emt 0:00:38]} 22. Bxa6 {[%emt 0:01:12]} Qxa6 {[%emt 0:00:06]} 23. f4 {[%emt 0:01:04]} Rfe8 {[%emt 0:02:23]} 24. e5 {[%emt 0:00:20]} Rad8 {[%emt 0:00:57]} 25. Qf3 {[%emt 0:01:02]} Ne7 {[%emt 0:02:49]} 26. Kh1 {[%emt 0:02:17]} Qb6 {[%emt 0:02:47]} 27. Rc4 {[%emt 0:00:07]} Nf5 {[%emt 0:01:27]} 28. Re4 {[%emt 0:00:29]} Qa6 {[%emt 0:03:36]} 29. Rfe1 {[%emt 0:02:08]} Qd3 {[%emt 0:02:50]} 30. Qg4 {[%emt 0:01:36]} g6 {[%emt 0:00:31]} 31. c4 {[%emt 0:03:55]} h5 {[%emt 0:00:20]} 32. Qe2 {[%emt 0:00:13]} Qxe2 {[%emt 0:00:32]} 33. R4xe2 {[%emt 0:00:10]} Rd4 {[%emt 0:00:10]} 34. g3 {[%emt 0:00:13]} Rxc4 {[%emt 0:01:13]} 35. Rd1 {[%emt 0:00:07]} Nd4 {[%emt 0:01:19]} 36. Rb2 {[%emt 0:00:08]} c5 {[%emt 0:00:15]} 37. Rb7 {[%emt 0:00:06]} Rc2 {[%emt 0:00:10]} 38. Rd3 {[%emt 0:00:26]} Rxa2 {[%emt 0:00:26]} 39. Rc7 {[%emt 0:00:04]} Rb8 {[%emt 0:00:15]} 0-1

[Event "Irish New Year Events-IM1 2020"]
[Site "Dublin"]
[Date "2020.01.05"]
[Round "7.6"]
[White "Kanyamarala, Tarun"]
[Black "Mannion, Stephen R"]
[Result "1-0"]
[WhiteElo "2320"]
[BlackElo "2283"]
[Annotator "RC"]
[PlyCount "83"]
[EventDate "2020.01.02"]
[EventType "tourn"]
[EventCountry "IRL"]
[SourceTitle "playchess.com"]
[Source "ChessBase"]
[SourceQuality "1"]
[TimeControl "5400+30"]

1. e4 {[%emt 0:00:00]} e5 {[%emt 0:02:39]} 2. Nf3 {[%emt 0:00:00]} Nc6 {[%emt 0:00:06]} 3. d4 {[%emt 0:00:00]} exd4 {[%emt 0:00:11]} 4. Nxd4 {[%emt 0:00:00]} Nf6 {[%emt 0:00:12]} 5. Nxc6 {[%emt 0:00:05]} bxc6 {[%emt 0:00:07]} 6. e5 {[%emt 0:00:15]} Qe7 {[%emt 0:00:16]} 7. Qe2 {[%emt 0:00:09]} Nd5 {[%emt 0:00:08]} 8. h4 {[%emt 0:00:19]} a5 {[%emt 0:09:31]} 9. g3 {[%emt 0:01:34]} Ba6 {[%emt 0:01:49]} 10. c4 {[%emt 0:00:09]} Nb6 {[%emt 0:00:37]} 11. Nd2 {[%emt 0:00:34]} d5 {[%emt 0:01:10]} 12. b3 {[%emt 0:11:09]} g6 {[%emt 0:02:12]} 13. Bg2 {[%emt 0:03:26]} Bg7 {[%emt 0:00:49]} 14. Bb2 {[%emt 0:00:01]} O-O {[%emt 0:01:09]} 15. O-O {[%emt 0:00:40]} Rfe8 {[%emt 0:00:51]} 16. Rfe1 {[%emt 0:01:46]} a4 {[%emt 0:02:27]} 17. Qe3 {[%emt 0:18:47]} Bb7 {[%emt 0:18:26]} 18. Bd4 {[%emt 0:14:16]} Nd7 {[%emt 0:05:59]} 19. cxd5 {[%emt 0:18:25]} cxd5 {[%emt 0:00:10]} 20. Rac1 {[%emt 0:00:26]} c5 21. Bxc5 {[%emt 0:00:30]} Qxe5 {[%emt 0:26:38]} 22. Qxe5 {[%emt 0:11:30]} Nxe5 {[%emt 0:05:24]} 23. Re3 {[%emt 0:03:46]} axb3 {[%emt 0:02:17]} 24. axb3 {[%emt 0:05:27]} Rac8 {[%emt 0:06:45]} 25. b4 {[%emt 0:00:23]} Ng4 {[%emt 0:03:45]} 26. Rxe8+ {[%emt 0:01:09]} Rxe8 {[%emt 0:00:01]} 27. Nb3 {[%emt 0:02:06]} Ne5 {[%emt 0:01:51]} 28. Rd1 {[%emt 0:00:44]} Ba8 {[%emt 0:03:29]} 29. f4 {[%emt 0:03:30]} Ng4 {[%emt 0:00:06]} 30. Bxd5 {[%emt 0:00:46]} Bxd5 {[%emt 0:00:19]} 31. Rxd5 {[%emt 0:00:01]} Re1+ {[%emt 0:00:28]} 32. Kg2 {[%emt 0:00:11]} h5 {[%emt 0:00:13]} 33. Rd8+ {[%emt 0:01:06]} Kh7 {[%emt 0:00:02]} 34. Nd2 {[%emt 0:01:03]} Rd1 {[%emt 0:01:34]} 35. Kf3 {[%emt 0:00:24]} Re1 {[%emt 0:00:51]} 36. b5 {[%emt 0:00:52]} Bc3 {[%emt 0:01:22]} 37. b6 {[%emt 0:00:51]} Bxd2 {[%emt 0:00:17]} 38. Rxd2 {[%emt 0:00:47]} Rb1 {[%emt 0:00:17]} 39. Rd7 {[%emt 0:00:30]} Rb3+ {[%emt 0:00:41]} 40. Ke2 {[%emt 0:00:13]} Kh6 {[%emt 0:03:11]} 41. b7 {[%emt 0:01:17]} Nf6 {[%emt 0:00:10]} 42. Rxf7 {[%emt 0:00:14]} 1-0